| 000 | 00437nam a22001817a 4500 | ||
|---|---|---|---|
| 003 | MPLRDC | ||
| 005 | 20220104113853.0 | ||
| 008 | 210129b ||||| |||| 00| 0 eng d | ||
| 082 | _a848.2 YGZ c.2 | ||
| 100 | _a余光中著 | ||
| 245 |
_a隔水观音 _c |
||
| 250 | _a三版 | ||
| 260 |
_a _b洪范书店有限公司 _c1984 |
||
| 300 | _b平 | ||
| 490 | _a洪范文学丛书;90 | ||
| 650 | _a现代别集 | ||
| 942 |
_cBK _o848.2 YGZ c.2 |
||
| 999 |
_c3009 _d2999 |
||